000 00625 a2200181 4500
020 _a1584881534
020 _a9781584881537
082 0 4 _a005.8
090 _c309
_d309
100 1 _aJr., Samuel S. Wagstaff
245 1 0 _aCryptanalysis of number theoretic ciphers /
_cSamuel S. Wagstaff Jr.
260 _a[S.l.] :
_bChapman and Hall/CRC,
_c2002.
300 _a336 p. ;
_c24 cm.
490 1 _aComputational mathematics.
830 0 _aComputational mathematics.
942 _aSNS
_cBK
_k005.8 WAG
999 _c28944
_d28944